000 00901nam a22003017a 4500
003 CHAP
005 20220329135112.0
008 971013s1975 r 00010 d
010 _a30940
011 _a31912
035 _a36024
040 _cCHAP
082 _a909.82
_bC6 1975
245 _aCountries of the world and their leaders
250 _a2 ed.
260 _aDetroit, Mich. :
_bGale Research,
_c1975
300 _a1147 p.
_b: ilus.
590 _aBATCH-UPD
_b10
_c20130110
_lUCH01
_h1802
590 _aBATCH-UPD
_b10
_c20130410
_lUCH01
_h1137
590 _aBATCH-UPD
_b10
_c20130914
_lUCH01
_h1305
590 _aCONVERSION
_b10
_c20130109
_lUCH01
_h1318
650 1 4 _aEnciclopedias y diccionarios.
_936750
650 1 4 _aEstadĂ­stica.
_938241
650 1 4 _aGeografĂ­a.
_947540
901 _aBK
942 _cLIBRO
949 _a909.82 C6 1975
_bBC
_cC
_d33724000646394
_eC
_h34650
_i36024
_si
_t285.00
999 _c30940
_d30940